Manažérska etika - forma podnikovej politiky

Dôvera, služba a vážnosť ako indikátory úspešných podnikateľov. Nové postavenie človeka vo výrobnom procese typu počítačom integrovanej výroby (CIM). Prijatie "Kódexu etiky" v podniku a štyri základné oblasti, ktoré rieši tento kódex. Tri faktory určujúce osobnosť podniku. Strategické podnikové ciel...

Ausführliche Beschreibung

Gespeichert in:
Bibliographische Detailangaben
Format: Buchkapitel
Sprache:Slowakisch
Schlagworte:
Tags: Tag hinzufügen
Keine Tags, Fügen Sie das erste Tag hinzu!

MARC

LEADER 00000naa a2200000 4500
001 r000480
005 20221213113420.3
041 0 |a slo 
044 |a SK 
245 1 0 |a Manažérska etika - forma podnikovej politiky 
520 |a Dôvera, služba a vážnosť ako indikátory úspešných podnikateľov. Nové postavenie človeka vo výrobnom procese typu počítačom integrovanej výroby (CIM). Prijatie "Kódexu etiky" v podniku a štyri základné oblasti, ktoré rieši tento kódex. Tri faktory určujúce osobnosť podniku. Strategické podnikové ciele. 
610 2 0 |a etika manažérska 
610 2 0 |a manažéri 
610 2 0 |a manažment 
610 2 0 |a riadenie podnikové 
610 2 0 |a politika podniková 
610 2 0 |a stratégia podniková 
610 2 0 |a kódexy etické